000 01019cam a22002531i 4500
003 SA-RiAUC
005 20260210140045.0
008 260205s1955 ua g 000 0bara c
040 _aSA-JeALM
_bara
_cSA-RiAUC
_erda
082 0 4 _a239
_qSA-RiAUC
090 _aن 239
_b ع ق ا
100 1 _aالعقاد، عباس محمود،
_d1889-1964
_eمؤلف.
245 1 0 _aمطلع النور . أو ، طوالع البعثة المحمدية /
_cتأليف عباس محمود العقاد.
246 3 3 _aطوالع البعثة المحمدية
264 1 _aالقاهرة :
_bدار الهلال،
_c1955
300 _a210 صفحة ؛
_c16 سم.
336 _aنص
_btxt
_2rdacontent
_3كتاب
337 _aبدون وسيط
_bn
_2rdamedia
490 0 _aكتاب الهلال ؛
_v50
600 0 7 _aمحمد (صلى الله عليه وسلم)،
_d53 قبل الهجرة-11 هجري
_2aucnm
650 7 _aالسيرة النبوية
_2aucsh
942 _2ddc
_cRARE BOOK
_n0
949 _aSA-JeALM
_d260205
_uosman123
_n1
999 _c14288
_d14288